LEADER 01053nam0 22002771i 450 001 UON00193621 005 20231205103225.139 100 $a20030730d1959 |0itac50 ba 101 $aeng 102 $aGB 105 $a|||| 1|||| 200 1 $aAlexander Pope$ethe poetry of allusion$fby Reuben Arthur Brower 210 $aOxford$cClarendon Press$d1959 215 $aX, 368 p.$d23 cm. 606 $aPOPE ALEXANDER$3UONC039714$2FI 606 $aSATIRA INGLESE$xStudi$3UONC076780$2FI 620 $aGB$dOxford$3UONL000029 676 $a821.5$cPoesia inglese. Periodo della regina Anna, 1702-1745$v21 700 1$aBROWER$bReuben Arthur$3UONV114432$0193660 712 $aClarendon Press$3UONV246509$4650 801 $aIT$bSOL$c20240220$gRICA 899 $aSIBA - SISTEMA BIBLIOTECARIO DI ATENEO$2UONSI 912 $aUON00193621 950 $aSIBA - SISTEMA BIBLIOTECARIO DI ATENEO$dSI Angl IV B POP BRO $eSI MR 65086 5 996 $aAlexander Pope$9518410 997 $aUNIOR